| 000 | 01083nam a22003857a 4500 | ||
|---|---|---|---|
| 001 | 0008241 | ||
| 003 | KOHA_MİRAKIL | ||
| 005 | 20260207001627.0 | ||
| 007 | ta | ||
| 008 | 091009b1978 tu |||gr||||#||||0|tur | | ||
| 020 | _cTL2,5 | ||
| 040 |
_aTR-BiSEU _btur _cTR-BiSEU _erda |
||
| 041 | 0 | _atur | |
| 044 | _ctu | ||
| 050 |
_aHT431 _b.A34 1978 |
||
| 100 | 1 | _aAfetinan, A.. | |
| 245 | 1 |
_aCumhuriyet'in 50.yılı için köylerimiz/ _cA. Afetinan ; A. Afetinan. |
|
| 264 | 1 |
_aAnkara : _bTürk Tarih Kurumu Basımevi _c1978 |
|
| 300 | _a118 sayfa: resimli; 23 cm. | ||
| 336 |
_ametin _btxt _2rdacontent |
||
| 337 |
_aaracısız _bn _2rdamedia |
||
| 338 |
_acilt _bnc _2rdacarrier |
||
| 490 | 1 | _aTürk Tarih Kurumu yayınları. | |
| 490 | 1 | _a XVI. | |
| 490 | 1 |
_adizi ; _vsa. |
|
| 490 | 1 | _a36. | |
| 500 | _aDizin var. | ||
| 650 | 0 |
_aVillages--Turkey. _920449 |
|
| 650 | 0 |
_aTurkey--Rural conditions. _920450 |
|
| 830 | 1 |
_aTürk Tarih Kurumu yayınları. _96704 |
|
| 830 | 1 |
_a XVI. _910534 |
|
| 830 | 1 |
_adizi ; _vsa. _910357 |
|
| 830 | 1 |
_a36. _93922 |
|
| 942 |
_2lcc _cBK |
||
| 999 |
_c8213 _d8213 |
||